| 000 | 00487nam a2200205Ia 4500 | ||
|---|---|---|---|
| 008 | 220204s9999 xx 000 0 und d | ||
| 082 |
_a577.1 _bFAI |
||
| 100 | _aFAIRLEY, James L | ||
| 245 | 0 | _aEssentials of biological chemistry | |
| 250 | _aEd.2 | ||
| 260 |
_aNew York _bReinhold _c1966 |
||
| 650 | _aCarbohydrate | ||
| 650 | _aEnergy transfer | ||
| 650 | _aEnzyme | ||
| 650 | _aLipid | ||
| 650 | _aNucleic acid | ||
| 650 | _aNucleotide | ||
| 650 | _aProtein | ||
| 942 | _cBK | ||
| 999 |
_c20951 _d20951 |
||